Volba povolání : Čím chci jednou být, jaký studijní nebo učební obor mám zvolit, co budu po jeho absolvování umět, mám pro to předpoklady? : určeno pro volbu profesní orientace mládeže, která ukončuje ve školním roce 1992 -1993 základní, event. střední školu /

Hlavní autor: Strádal, Jiří, 1956-
Jazyk: Čeština
Vydáno: [Praha] : Výzkumný ústav odborného školství, 1992
Témata:
Fyzický popis: 358 s. : tab. ; 21 cm
Knihy
Uloženo v:
LEADER 01518nam a22003252a 4500
001 000072890
003 CZ BrMZK
005 20210721083845.0
007 ta
008 040716s1992 xr f |||| 0 cze d
015 |a cnb000072089 
020 |a 80-85118-19-X  |q (brož.) 
035 |a (OCoLC)85686487 
040 |a ABA001  |b cze  |d BOA001 
045 |a x9x9 
080 |a 377 
100 1 |a Strádal, Jiří,  |d 1956-  |7 jx20050802061  |4 aut 
245 1 0 |a Volba povolání :  |b Čím chci jednou být, jaký studijní nebo učební obor mám zvolit, co budu po jeho absolvování umět, mám pro to předpoklady? : určeno pro volbu profesní orientace mládeže, která ukončuje ve školním roce 1992 -1993 základní, event. střední školu /  |c Jiří Strádal ... [et al.] 
260 |a [Praha] :  |b Výzkumný ústav odborného školství,  |c 1992 
300 |a 358 s. :  |b tab. ;  |c 21 cm 
650 0 4 |a volba povolání  |7 ph127220 
655 7 |a příručky  |7 fd133209  |2 czenas 
655 7 |a přehledy  |7 fd133202  |2 czenas 
910 |a BOA001  |b PK-0118.056  |b 2-0983.960 
920 |a 000086887 
990 |a BK 
996 7 |b 2619956435  |c 2-0983.960  |l MZK  |r Sklad / do 1 hodiny  |n 12  |w 000072890  |u 000040  |a 1  |e BOA001  |j MZK50  |s A 
996 6 |b 2619982454  |c 2-0983.960  |l MZK  |r Sklad / do 1 hodiny  |n 2  |w 000072890  |u 000030  |a 1  |e BOA001  |j MZK50  |s P 
996 7 |b 3119955399  |c PK-0118.056  |l MZK  |r Sklad / do 1 hodiny  |n 12  |w 000072890  |u 000020  |a 1  |e BOA001  |j MZK50  |s A 
996 7 |b 3119956571  |c PK-0118.056  |l MZK  |r Sklad / do 1 hodiny  |n 14  |w 000072890  |u 000010  |a 1  |e BOA001  |j MZK50  |s A